Neinvazívna ventilácia v liečbe respiračnej insuficiencie

Bibliographic Details
Main Authors: Bajcár, Ľudovít (Author), Matula, Bohumil (Author), Klopčeková, Dana (Author)
Format: Article
Language:Slovak
ISSN:0371-2222
Subjects:

MARC

LEADER 00000nab a2200000 a 4500
001 vtls000675466
003 SK-MaSNL
005 20260304102637.0
008 250425c1998 xo 0 slo
015 |a SNBRB1998/10-28373 
035 |a CLN000027640 
035 |a urn:nbn:sk:snk-ab352w 
035 |a (urnnbn)urn:nbn:sk:snk:ar-a064g1 
035 |a (uuid)83028ad7-1229-4e4a-8045-c5eb1233a0f2 
040 |a SNKBUCL  |b slo  |c SNKBUCL  |e AACR2 
041 0 |a slo 
044 |a xo  |c SK 
080 |a 616.24-008.4-08  |2 1997 
100 1 |a Bajcár, Ľudovít  |4 aut  |9 863338 
245 1 0 |a Neinvazívna ventilácia v liečbe respiračnej insuficiencie  |c Ľ. Bajcár, B. Matula, D. Klopčeková 
504 |a Bibliogr. odkazy 
650 0 7 |a respiračná insuficiencia  |2 snkbucl  |9 135701 
650 0 7 |a ventilácia pľúcna neinvazívna  |2 snkbucl  |9 1203158 
655 7 |a články z novín a časopisov  |2 snkbucl  |9 267496 
700 1 |a Matula, Bohumil  |4 aut  |9 550486 
700 1 |a Klopčeková, Dana  |4 aut  |9 1399904 
773 0 |t Studia pneumologica et phthiseologica  |g Roč. 58, č. 5 (1998), s. 210-211  |x 0371-2222 
850 |a Slovenská národná knižnica 
852 |a Slovenská národná knižnica 
954 |a odborná, vedecká literatúra pôvodná (slovenská)  |2 lita 
958 |a article27 
958 |a NB 
958 |a OND 
958 |a EUIPO 
999 |c 2845895  |d 2847825